000 00857nam a22002777a 4500
001 BR2013004846
003 BR-BrBNA
005 20230928104212.0
007 ta
008 230509b bl.||||| |||| 00| 0 por d
040 _aBR-BrBNA
_bpor
_cBiblioteca Nacional de Agricultura
041 _a(Por)
072 _aQ02
_b9702
090 _ 9702 BR2013004846
100 1 _aFavarin, V.
110 1 _aUniversidade Federal Rural do Rio de Janeiro, RJ (Brasil)
_0Tese (Mestre em Ciência e Tecnologia de Alimentos)
_911244
245 1 _aEstudo microbiológico em alguns miúdos bovinos
260 3 _aRio de Janeiro, RJ (Brasil):
_c1981.
300 _a94 p.
500 _aBibliography p. 82-94; Summary (Por); 14 tables
650 _aMICROBIOLOGIA
650 _aBOVINO
650 _aCONTAMINAÇÃO
909 _a202309
_bLucia
_c55
_dLucia Elande
942 _cBK
999 _c78667
_d78667